| 000 | 00665nam a22001937a 4500 | ||
|---|---|---|---|
| 005 | 20251108173104.0 | ||
| 008 | 250721s2006 xx 000 0 ara d | ||
| 082 | 1 | 4 | _a324.2561/ ريا |
| 100 | 1 |
_aريان، محمد رجائي _eمؤلف |
|
| 245 | 1 | 0 | _aالأحزاب السياسية في سوريا 1920-1939ودورها في الحركة الوطنية / |
| 264 | 1 |
_aأربد : _bدار الكندي للنشر و التوزيع، _c2006. |
|
| 300 | _a358ص. | ||
| 650 | 1 | 7 | _aالأحزاب السياسية |
| 650 | 1 | 7 | _aالعلوم السياسية |
| 650 | 1 | 7 | _aالديمقراطية |
| 650 | 1 | 7 | _aسوريا |
| 942 |
_2ddc _cBK |
||
| 999 |
_c95791 _d95791 |
||